000 00395nam a2200133Ia 4500
005 20260326235457.0
008 260326s9999||||xx |||||||||||||| ||und||
100 _aBotta, Mario
245 0 _aUne Architecture trois habitats :
_b Croquis, dessins et projects /
_cMario Botta
260 _bEcole des arts decoratifs de Geneve
300 _a95 p.
650 _aARQUITECTURA RESIDENCIAL
942 _cBK
999 _c7975
_d7975